000 00513nam a22001457a 4500
008 220223b |||||||| |||| 00| 0 eng d
020 _a9780804124737
050 _aR 838.5 .P75 2014
100 _aPrinceton Review,
245 _aMCAT Psychology and Sociology Review: for MCAT 2015 /
_cPrinceton Review
260 _aUS:
_bPenguin Random House,
_c2014.
300 _aiv,1073p. :
_bill. ;
_c37cm
500 _aincludes bibliographical referencs and index.
942 _2lcc
_cBOOKS
_hR 838.5 .P75 2014
999 _c31116
_d31116